Survivor: Redemption Island Contestants Quiz Stats

 Plays Quiz not verified by Sporcle

Also try: TV Fan Theories II
Challenge
Share
Tweet
Embed
Score 0/18 Timer 04:00
0 Plays Today
Order Name % Correct
1Francesca
92.6%
WinnerRob
92.2%
1 vote at finalePhillip
90.8%
2Russell
90.1%
No votes at finaleNatalie
89.9%
14Andrea
86.9%
15Ashley
86.6%
12Matt
83.9%
10Ralph
79.5%
Order Name % Correct
13Mike
79%
11Grant
78.8%
8Julie
77.9%
9Steve
77.6%
5Stephanie
77%
7David
75.6%
3Kristina
74.4%
4Krista
72.6%
6Sarita
68.9%

You're not logged in!

Compare scores with friends on all Sporcle quizzes.
OR
Log In

You Might Also Like...

Show Comments

Extras

Top Quizzes Today


Score Distribution

Your Account Isn't Verified!

In order to create a playlist on Sporcle, you need to verify the email address you used during registration. Go to your Sporcle Settings to finish the process.

Report this User

Report this user for behavior that violates our Community Guidelines.

Details: